| 000 | 00653nam a22002293a 4500 | ||
|---|---|---|---|
| 005 | 20240828063730.0 | ||
| 008 | 011116s1999 es r 000 0 spa d | ||
| 020 | _a8471124254 | ||
| 035 | _aUPN01000113933 | ||
| 049 | _aCG | ||
| 050 | 4 |
_aBF723 H4.5 _bE5.48 |
|
| 100 | 1 | _aEisenberg, Nancy | |
| 245 | 1 | 0 |
_aInfancia y conductas de ayuda / _cpor Nancy Eisenberg ; tr. Roc Filella. |
| 260 |
_aMadrid : _bMorata, _c1999. |
||
| 300 | _a215 p. | ||
| 440 | 3 |
_aEl desarrollo en el niño ; _v24 |
|
| 440 | 0 |
_aPsicología. _pBrumer |
|
| 650 | 2 |
_aAltruismo _92602 |
|
| 650 | 4 |
_aConducta infantil _95683 |
|
| 650 | 2 |
_aConducta de ayuda _911481 |
|
| 905 | _aLibro | ||
| 999 |
_c87841 _d87841 |
||